Statistiques concernant Les pays jamais visités par le président des États-Unis

Cliquez ici pour prendre le quiz!

Statistiques générales

  • Ce quiz a été pris 121 fois
  • Le résultat moyen est 41 sur 84

Statistiques - réponses

Réponse% Correct
Guyana
68%
Andorre
67%
Fidji
66%
Corée du Nord
62%
Saint Vincent
62%
Tonga
62%
Congo
61%
Algérie
61%
Kiribati
61%
Paraguay
61%
République Démocratique du Congo
61%
Sainte Lucie
61%
Liechtenstein
60%
Monaco
60%
Nauru
60%
Vanuatu
60%
Saint Christophe et Nieves
59%
Soudan
59%
Bolivie
58%
Kirghizistan
58%
Micronésie
58%
Tuvalu
58%
Tchad
57%
Eswatini
56%
Guinée
56%
Lesotho
56%
Mali
56%
Niger
56%
Saint Marin
56%
Soudan du Sud
55%
Érythrée
54%
Samoa
54%
Tadjikistan
54%
Turkménistan
54%
Libye
53%
Madagascar
53%
Ouzbékistan
53%
Salomon
52%
Zimbabwe
52%
Burundi
51%
Djibouti
51%
Mauritanie
51%
Palaos
51%
Papouasie Nouvelle Guinée
51%
Guinée Bissau
49%
Angola
48%
Antigua et Barbuda
48%
Cap Vert
48%
Malawi
48%
Mozambique
48%
Zambie
48%
Comores
47%
Dominique
47%
Kazakhstan
47%
Togo
47%
Gambie
46%
Guinée Équatoriale
46%
Luxembourg
46%
Belize
45%
Sierra Leone
44%
Gabon
43%
Maldives
43%
Seychelles
43%
Timor Oriental
43%
Maurice
42%
Népal
42%
Sao Tomé
42%
Bahamas
41%
Namibie
41%
Centrafrique
40%
Chypre
40%
Cameroun
40%
Moldavie
40%
Yémen
40%
Côte d'Ivoire
38%
Arménie
37%
République Dominicaine
37%
Sri Lanka
37%
Azerbaïdjan
36%
Monténégro
36%
Burkina Fasso
25%
Liban
19%
Bouthan
16%
Marshalls
9%

Distribution des résultats

Percentile par nombre de réponses

% des personnes avec chaque résultat

Votre développement - résultats

Vous n’avez pas pris ce quiz